[Event "Deutsche Ländermeisterschaft 2025"]
[Site "Oer-Erkenschwick GER"]
[Date "2025.10.01"]
[Round "1"]
[White "Krause, Enrico"]
[Black "Nönnig, Jakob"]
[Result "0-1"]
[Termination "normal"]
[Board "7.3"]
[WhiteElo "1892"]
[BlackElo "2129"]
[WhiteClock "00:01:09"]
[BlackClock "00:01:58"]
[WhiteTeam "Mecklenburg-Vorpommern"]
[BlackTeam "Sachsen-Anhalt"]
[PlyCount "80"]
[WhiteFideId "34618490"]
[BlackFideId "16289447"]
[EventCountry "GER"]
[EventRounds "7"]
[EventType "team-swiss"]
[EventDate "2025.09.30"]

1. e4 {[%clk 01:30:58]} {[%emt 00:00:03]} e5 {[%clk 01:30:08]} {[%emt
00:00:52]} 2. Nf3 {[%clk 01:31:23]} {[%emt 00:00:04]} Nc6 {[%clk 01:30:12]}
{[%emt 00:00:26]} 3. Bc4 {[%clk 01:31:50]} {[%emt 00:00:04]} Bc5 {[%clk
01:30:13]} {[%emt 00:00:28]} 4. c3 {[%clk 01:32:16]} {[%emt 00:00:04]} Nf6
{[%clk 01:30:34]} {[%emt 00:00:09]} 5. d4 {[%clk 01:32:42]} {[%emt 00:00:04]}
exd4 {[%clk 01:30:44]} {[%emt 00:00:20]} 6. cxd4 {[%clk 01:33:08]} {[%emt
00:00:04]} Bb4+ {[%clk 01:30:52]} {[%emt 00:00:22]} 7. Nc3 {[%clk 01:33:30]}
{[%emt 00:00:08]} Nxe4 {[%clk 01:30:12]} {[%emt 00:01:10]} 8. O-O {[%clk
01:33:51]} {[%emt 00:00:08]} Bxc3 {[%clk 01:30:13]} {[%emt 00:00:30]} 9. d5
{[%clk 01:34:15]} {[%emt 00:00:06]} Bf6 {[%clk 01:29:58]} {[%emt 00:00:45]} 10.
Re1 {[%clk 01:34:38]} {[%emt 00:00:07]} Ne7 {[%clk 01:29:28]} {[%emt 00:01:00]}
11. Rxe4 {[%clk 01:35:02]} {[%emt 00:00:06]} d6 {[%clk 01:29:03]} {[%emt
00:00:55]} 12. Rf4 {[%clk 01:35:27]} {[%emt 00:00:05]} a6 {[%clk 01:07:35]}
{[%emt 00:21:57]} 13. Rxf6 {[%clk 01:32:29]} {[%emt 00:03:29]} gxf6 {[%clk
01:07:51]} {[%emt 00:00:14]} 14. Qd4 {[%clk 01:32:53]} {[%emt 00:00:06]} Ng6
{[%clk 00:50:05]} {[%emt 00:18:16]} 15. Bh6 {[%clk 01:25:23]} {[%emt 00:08:00]}
Ne5 {[%clk 00:48:30]} {[%emt 00:02:05]} 16. Re1 {[%clk 01:25:47]} {[%emt
00:00:06]} Rg8 {[%clk 00:41:21]} {[%emt 00:07:39]} 17. g3 {[%clk 00:59:03]}
{[%emt 00:27:15]} Bg4 {[%clk 00:36:06]} {[%emt 00:05:45]} 18. Nh4 {[%clk
00:57:32]} {[%emt 00:02:01]} Kd7 {[%clk 00:35:56]} {[%emt 00:00:39]} 19. Bf1
{[%clk 00:53:05]} {[%emt 00:04:58]} Kc8 {[%clk 00:29:28]} {[%emt 00:06:58]} 20.
Bd2 {[%clk 00:47:19]} {[%emt 00:06:15]} f5 {[%clk 00:15:55]} {[%emt 00:14:03]}
21. f4 {[%clk 00:45:02]} {[%emt 00:02:47]} Nd7 {[%clk 00:10:22]} {[%emt
00:06:03]} 22. Bd3 {[%clk 00:35:28]} {[%emt 00:10:04]} Re8 {[%clk 00:05:48]}
{[%emt 00:05:03]} 23. Rc1 {[%clk 00:27:53]} {[%emt 00:08:05]} Nc5 {[%clk
00:04:06]} {[%emt 00:02:12]} 24. Nxf5 {[%clk 00:24:22]} {[%emt 00:04:01]} Nxd3
{[%clk 00:03:28]} {[%emt 00:01:08]} 25. Qxd3 {[%clk 00:24:47]} {[%emt
00:00:06]} Bxf5 {[%clk 00:03:18]} {[%emt 00:00:41]} 26. Qxf5+ {[%clk 00:25:11]}
{[%emt 00:00:06]} Qd7 {[%clk 00:03:39]} {[%emt 00:00:08]} 27. Qxh7 {[%clk
00:23:05]} {[%emt 00:02:37]} b6 {[%clk 00:03:29]} {[%emt 00:00:39]} 28. Bc3
{[%clk 00:22:00]} {[%emt 00:01:36]} Kb7 {[%clk 00:03:37]} {[%emt 00:00:22]} 29.
Qd3 {[%clk 00:21:15]} {[%emt 00:01:15]} f5 {[%clk 00:03:50]} {[%emt 00:00:17]}
30. h4 {[%clk 00:19:48]} {[%emt 00:01:56]} Re4 {[%clk 00:03:45]} {[%emt
00:00:36]} 31. Kf2 {[%clk 00:17:10]} {[%emt 00:03:08]} Rae8 {[%clk 00:03:45]}
{[%emt 00:00:30]} 32. Rh1 {[%clk 00:15:43]} {[%emt 00:01:56]} Qh7 {[%clk
00:03:10]} {[%emt 00:01:06]} 33. h5 {[%clk 00:14:33]} {[%emt 00:01:40]} Qh6
{[%clk 00:03:25]} {[%emt 00:00:15]} 34. a4 {[%clk 00:12:45]} {[%emt 00:02:18]}
Qh7 {[%clk 00:00:40]} {[%emt 00:03:15]} 35. a5 {[%clk 00:11:43]} {[%emt
00:01:32]} Qe7 {[%clk 00:00:51]} {[%emt 00:00:19]} 36. Bd2 {[%clk 00:02:35]}
{[%emt 00:09:38]} Rd4 {[%clk 00:00:34]} {[%emt 00:00:48]} 37. Qe3 {[%clk
00:01:16]} {[%emt 00:01:49]} Re4 {[%clk 00:00:49]} {[%emt 00:00:14]} 38. Qc3
{[%clk 00:01:25]} {[%emt 00:00:20]} Re2+ {[%clk 00:01:15]} {[%emt 00:00:05]}
39. Kf1 {[%clk 00:00:46]} {[%emt 00:01:09]} Qe4 {[%clk 00:01:42]} {[%emt
00:00:03]} 40. Rg1 {[%clk 00:01:09]} {[%emt 00:00:08]} Rf2+ {[%clk 00:01:58]}
{[%emt 00:00:14]} 0-1

[Event "Deutsche Ländermeisterschaft 2025"]
[Site "Oer-Erkenschwick GER"]
[Date "2025.10.01"]
[Round "1"]
[White "Polzin, Gustav"]
[Black "Schröder, Hannes Artur"]
[Result "1-0"]
[Termination "normal"]
[Board "7.4"]
[WhiteElo "2058"]
[BlackElo "1826"]
[WhiteClock "00:33:55"]
[BlackClock "00:17:41"]
[WhiteTeam "Sachsen-Anhalt"]
[BlackTeam "Mecklenburg-Vorpommern"]
[PlyCount "97"]
[WhiteFideId "34603280"]
[BlackFideId "34608818"]
[EventCountry "GER"]
[EventRounds "7"]
[EventType "team-swiss"]
[EventDate "2025.09.30"]

1. c4 {[%clk 01:30:54]} {[%emt 00:00:06]} c5 {[%clk 01:30:51]} {[%emt
00:00:09]} 2. Nf3 {[%clk 01:31:19]} {[%emt 00:00:05]} Nf6 {[%clk 01:31:14]}
{[%emt 00:00:07]} 3. Nc3 {[%clk 01:31:45]} {[%emt 00:00:04]} Nc6 {[%clk
01:31:27]} {[%emt 00:00:17]} 4. e3 {[%clk 01:32:11]} {[%emt 00:00:04]} e6
{[%clk 01:30:26]} {[%emt 00:01:30]} 5. d4 {[%clk 01:32:16]} {[%emt 00:00:26]}
d5 {[%clk 01:29:39]} {[%emt 00:01:17]} 6. cxd5 {[%clk 01:31:27]} {[%emt
00:01:19]} exd5 {[%clk 01:28:54]} {[%emt 00:01:15]} 7. Bb5 {[%clk 01:30:25]}
{[%emt 00:01:32]} a6 {[%clk 01:27:47]} {[%emt 00:01:38]} 8. Bxc6+ {[%clk
01:29:31]} {[%emt 00:01:25]} bxc6 {[%clk 01:28:10]} {[%emt 00:00:06]} 9. O-O
{[%clk 01:29:08]} {[%emt 00:00:52]} Bd6 {[%clk 01:27:19]} {[%emt 00:01:21]} 10.
dxc5 {[%clk 01:28:17]} {[%emt 00:01:21]} Bxc5 {[%clk 01:26:09]} {[%emt
00:01:40]} 11. Na4 {[%clk 01:28:10]} {[%emt 00:00:38]} Bd6 {[%clk 01:23:40]}
{[%emt 00:02:59]} 12. Qc2 {[%clk 01:27:07]} {[%emt 00:01:30]} Qc7 {[%clk
01:22:55]} {[%emt 00:01:17]} 13. h3 {[%clk 01:27:08]} {[%emt 00:00:29]} O-O
{[%clk 01:22:30]} {[%emt 00:00:55]} 14. b3 {[%clk 01:27:31]} {[%emt 00:00:07]}
Ne4 {[%clk 01:21:12]} {[%emt 00:01:47]} 15. Bb2 {[%clk 01:27:41]} {[%emt
00:00:21]} Bf5 {[%clk 01:20:22]} {[%emt 00:01:20]} 16. Qe2 {[%clk 01:25:27]}
{[%emt 00:02:43]} Rfc8 {[%clk 01:14:06]} {[%emt 00:06:47]} 17. Rac1 {[%clk
01:25:20]} {[%emt 00:00:37]} Qb7 {[%clk 01:10:05]} {[%emt 00:04:31]} 18. Rfd1
{[%clk 01:20:35]} {[%emt 00:05:15]} Rab8 {[%clk 01:04:07]} {[%emt 00:06:29]}
19. Nh4 {[%clk 01:13:41]} {[%emt 00:07:24]} Be6 {[%clk 00:59:19]} {[%emt
00:05:17]} 20. Nf3 {[%clk 00:51:17]} {[%emt 00:22:55]} Bf5 {[%clk 00:56:29]}
{[%emt 00:03:20]} 21. Be5 {[%clk 00:47:21]} {[%emt 00:04:25]} Ba3 {[%clk
00:46:12]} {[%emt 00:10:47]} 22. Bxb8 {[%clk 00:44:07]} {[%emt 00:03:44]} Bxc1
{[%clk 00:45:57]} {[%emt 00:00:45]} 23. Rxc1 {[%clk 00:43:51]} {[%emt
00:00:46]} Rxb8 {[%clk 00:46:09]} {[%emt 00:00:18]} 24. Nd4 {[%clk 00:44:03]}
{[%emt 00:00:18]} Bd7 {[%clk 00:46:07]} {[%emt 00:00:31]} 25. f3 {[%clk
00:43:03]} {[%emt 00:01:30]} Ng3 {[%clk 00:43:52]} {[%emt 00:02:46]} 26. Qd3
{[%clk 00:42:17]} {[%emt 00:01:16]} Qa8 {[%clk 00:40:10]} {[%emt 00:04:11]} 27.
Kf2 {[%clk 00:41:20]} {[%emt 00:01:26]} Nh5 {[%clk 00:38:19]} {[%emt 00:02:21]}
28. Qc3 {[%clk 00:39:51]} {[%emt 00:02:00]} Kh8 {[%clk 00:35:00]} {[%emt
00:03:49]} 29. Qa5 {[%clk 00:38:53]} {[%emt 00:01:29]} Qa7 {[%clk 00:29:41]}
{[%emt 00:05:49]} 30. Nc5 {[%clk 00:34:48]} {[%emt 00:04:35]} Be8 {[%clk
00:28:02]} {[%emt 00:02:09]} 31. g4 {[%clk 00:32:50]} {[%emt 00:02:27]} Nf6
{[%clk 00:28:05]} {[%emt 00:00:26]} 32. Qxa6 {[%clk 00:32:39]} {[%emt
00:00:41]} Ra8 {[%clk 00:26:50]} {[%emt 00:01:45]} 33. Qxa7 {[%emt 00:00:34]}
Rxa7 {[%clk 00:27:02]} {[%emt 00:00:18]} 34. Na4 {[%clk 00:32:56]} {[%emt
00:00:10]} c5 {[%clk 00:27:08]} {[%emt 00:00:24]} 35. Rxc5 {[%clk 00:33:14]}
{[%emt 00:00:12]} Bxa4 {[%clk 00:27:29]} {[%emt 00:00:09]} 36. bxa4 {[%clk
00:33:37]} {[%emt 00:00:07]} Rxa4 {[%clk 00:27:54]} {[%emt 00:00:05]} 37. Rc8+
{[%clk 00:34:02]} {[%emt 00:00:06]} Ng8 {[%clk 00:28:03]} {[%emt 00:00:21]} 38.
Nf5 {[%clk 00:34:21]} {[%emt 00:00:11]} Rxa2+ {[%clk 00:28:04]} {[%emt
00:00:29]} 39. Kg3 {[%clk 00:34:40]} {[%emt 00:00:11]} Ra7 {[%clk 00:28:26]}
{[%emt 00:00:08]} 40. Rf8 {[%clk 00:33:29]} {[%emt 00:01:40]} g6 {[%clk
00:27:10]} {[%emt 00:01:46]} 41. Nh6 {[%clk 00:33:27]} {[%emt 00:00:32]} Kg7
{[%clk 00:27:33]} {[%emt 00:00:07]} 42. Rxg8+ {[%clk 00:33:55]} {[%emt
00:00:02]} Kxh6 {[%clk 00:27:53]} {[%emt 00:00:10]} 43. h4 {[%clk 00:34:12]}
{[%emt 00:00:12]} f6 {[%clk 00:26:51]} {[%emt 00:01:33]} 44. f4 {[%clk
00:33:23]} {[%emt 00:01:19]} Re7 {[%clk 00:25:49]} {[%emt 00:01:31]} 45. Kf3
{[%clk 00:33:35]} {[%emt 00:00:18]} Rd7 {[%clk 00:23:08]} {[%emt 00:03:12]} 46.
g5+ {[%clk 00:32:44]} {[%emt 00:01:21]} fxg5 {[%clk 00:23:30]} {[%emt
00:00:08]} 47. hxg5+ {[%clk 00:33:06]} {[%emt 00:00:08]} Kh5 {[%clk 00:23:49]}
{[%emt 00:00:10]} 48. Ra8 {[%clk 00:33:32]} {[%emt 00:00:05]} d4 {[%clk
00:17:41]} {[%emt 00:06:38]} 49. Ra1 {[%clk 00:33:55]} {[%emt 00:00:08]} 1-0

[Event "Deutsche Ländermeisterschaft 2025"]
[Site "Oer-Erkenschwick GER"]
[Date "2025.10.01"]
[Round "1"]
[White "Wilke, Ronja"]
[Black "Voigt, Anastasia"]
[Result "0-1"]
[Termination "normal"]
[Board "7.5"]
[WhiteElo "1671"]
[BlackElo "1894"]
[WhiteClock "01:18:42"]
[BlackClock "01:21:29"]
[WhiteTeam "Mecklenburg-Vorpommern"]
[BlackTeam "Sachsen-Anhalt"]
[PlyCount "40"]
[WhiteFideId "16288378"]
[BlackFideId "16235223"]
[EventCountry "GER"]
[EventRounds "7"]
[EventType "team-swiss"]
[EventDate "2025.09.30"]

1. e4 {[%clk 01:30:57]} {[%emt 00:00:03]} e5 {[%clk 01:30:56]} {[%emt
00:00:04]} 2. Nf3 {[%clk 01:31:15]} {[%emt 00:00:12]} Nc6 {[%clk 01:31:21]}
{[%emt 00:00:05]} 3. Bc4 {[%clk 01:31:40]} {[%emt 00:00:06]} Bc5 {[%clk
01:31:45]} {[%emt 00:00:05]} 4. c3 {[%clk 01:32:04]} {[%emt 00:00:07]} Nf6
{[%clk 01:32:06]} {[%emt 00:00:09]} 5. d4 {[%clk 01:32:15]} {[%emt 00:00:19]}
exd4 {[%clk 01:32:21]} {[%emt 00:00:14]} 6. e5 {[%clk 01:32:34]} {[%emt
00:00:11]} d5 {[%clk 01:32:40]} {[%emt 00:00:12]} 7. Bb5 {[%clk 01:32:48]}
{[%emt 00:00:15]} Ne4 {[%clk 01:33:00]} {[%emt 00:00:10]} 8. cxd4 {[%clk
01:33:11]} {[%emt 00:00:08]} Bb6 {[%clk 01:33:07]} {[%emt 00:00:23]} 9. O-O
{[%clk 01:29:58]} {[%emt 00:03:43]} O-O {[%clk 01:32:18]} {[%emt 00:01:18]} 10.
Be3 {[%clk 01:25:40]} {[%emt 00:04:49]} f6 {[%clk 01:28:54]} {[%emt 00:03:54]}
11. Nbd2 {[%clk 01:18:42]} {[%emt 00:07:27]} Bg4 {[%clk 01:21:29]} {[%emt
00:07:55]} 12. Bxc6 bxc6 {[%clk 01:21:29]} 13. exf6 Qxf6 {[%clk 01:21:29]} 14.
Qa4 Nxd2 {[%clk 01:21:29]} 15. Nxd2 Rae8 {[%clk 01:21:29]} 16. Rac1 Re6 {[%clk
01:21:29]} 17. Nb3 Be2 {[%clk 01:21:29]} 18. Rfe1 Rxe3 {[%clk 01:21:29]} 19.
fxe3 Qf2+ {[%clk 01:21:29]} 20. Kh1 Bf1 {[%clk 01:21:29]} 0-1

[Event "Deutsche Ländermeisterschaft 2025"]
[Site "Oer-Erkenschwick GER"]
[Date "2025.10.01"]
[Round "1"]
[White "Shevchenko, Igor"]
[Black "Chandrasekher, Ritu"]
[Result "1-0"]
[Termination "normal"]
[Board "7.6"]
[WhiteElo "1985"]
[BlackElo "1600"]
[WhiteClock "00:05:53"]
[BlackClock "00:12:59"]
[WhiteTeam "Sachsen-Anhalt"]
[BlackTeam "Mecklenburg-Vorpommern"]
[PlyCount "143"]
[WhiteFideId "34634924"]
[BlackFideId "34609024"]
[EventCountry "GER"]
[EventRounds "7"]
[EventType "team-swiss"]
[EventDate "2025.09.30"]

1. d4 {[%clk 01:29:34]} {[%emt 00:01:26]} d6 {[%clk 01:30:45]} {[%emt
00:00:15]} 2. c4 {[%clk 01:29:32]} {[%emt 00:00:33]} Nf6 {[%clk 01:31:07]}
{[%emt 00:00:06]} 3. Nc3 {[%clk 01:28:40]} {[%emt 00:01:22]} g6 {[%clk
01:31:29]} {[%emt 00:00:09]} 4. e4 {[%clk 01:28:48]} {[%emt 00:00:21]} Bg7
{[%clk 01:31:52]} {[%emt 00:00:08]} 5. f3 {[%clk 01:29:11]} {[%emt 00:00:07]}
O-O {[%clk 01:31:51]} {[%emt 00:00:31]} 6. Be3 {[%clk 01:29:26]} {[%emt
00:00:15]} c6 {[%clk 01:32:01]} {[%emt 00:00:20]} 7. Qd2 {[%clk 01:27:52]}
{[%emt 00:02:03]} a6 {[%clk 01:30:10]} {[%emt 00:02:21]} 8. Bd3 {[%clk
01:15:25]} {[%emt 00:12:58]} Nbd7 {[%clk 01:27:34]} {[%emt 00:03:05]} 9. Nge2
{[%clk 01:11:41]} {[%emt 00:04:14]} e5 {[%clk 01:25:21]} {[%emt 00:02:44]} 10.
d5 {[%clk 01:10:32]} {[%emt 00:01:39]} cxd5 {[%clk 01:22:02]} {[%emt 00:03:49]}
11. cxd5 {[%clk 01:09:54]} {[%emt 00:01:07]} Nc5 {[%clk 01:18:49]} {[%emt
00:03:43]} 12. Bc2 {[%clk 01:05:54]} {[%emt 00:04:29]} a5 {[%clk 01:14:25]}
{[%emt 00:04:54]} 13. Nb5 {[%clk 00:50:47]} {[%emt 00:15:38]} b6 {[%clk
01:12:03]} {[%emt 00:02:52]} 14. O-O {[%clk 00:47:26]} {[%emt 00:03:51]} Nh5
{[%clk 01:07:08]} {[%emt 00:05:25]} 15. a3 {[%clk 00:45:55]} {[%emt 00:02:01]}
Ba6 {[%clk 01:02:53]} {[%emt 00:04:45]} 16. Nbc3 {[%clk 00:31:24]} {[%emt
00:15:01]} f5 {[%clk 01:01:01]} {[%emt 00:02:22]} 17. b4 {[%emt 00:02:42]} axb4
{[%clk 00:59:00]} {[%emt 00:02:31]} 18. axb4 {[%clk 00:28:52]} {[%emt
00:00:50]} Bxe2 {[%clk 00:56:12]} {[%emt 00:03:17]} 19. Rxa8 {[%clk 00:25:22]}
{[%emt 00:04:01]} Qxa8 {[%clk 00:55:47]} {[%emt 00:00:55]} 20. Qxe2 {[%clk
00:25:02]} {[%emt 00:00:50]} Nd7 {[%clk 00:54:20]} {[%emt 00:01:57]} 21. Ba4
{[%clk 00:22:04]} {[%emt 00:03:29]} Nhf6 {[%clk 00:50:31]} {[%emt 00:04:19]}
22. Bc6 {[%clk 00:17:03]} {[%emt 00:05:30]} Qa3 {[%clk 00:47:30]} {[%emt
00:03:31]} 23. Qc4 {[%clk 00:16:14]} {[%emt 00:01:19]} Rc8 {[%clk 00:36:17]}
{[%emt 00:11:43]} 24. Bc1 {[%clk 00:15:49]} {[%emt 00:00:56]} Qa7 {[%clk
00:35:10]} {[%emt 00:01:37]} 25. Nb5 {[%clk 00:16:10]} {[%emt 00:00:09]} Qb8
{[%clk 00:34:34]} {[%emt 00:01:05]} 26. Bd2 {[%clk 00:14:26]} {[%emt 00:02:14]}
Rf8 {[%clk 00:30:41]} {[%emt 00:04:24]} 27. Ra1 {[%clk 00:14:23]} {[%emt
00:00:32]} Qd8 {[%clk 00:30:16]} {[%emt 00:00:55]} 28. Nxd6 {[%clk 00:12:30]}
{[%emt 00:02:23]} fxe4 {[%clk 00:26:37]} {[%emt 00:04:08]} 29. Nxe4 {[%clk
00:11:45]} {[%emt 00:01:16]} Nxe4 {[%clk 00:25:31]} {[%emt 00:01:36]} 30. fxe4
{[%clk 00:11:34]} {[%emt 00:00:40]} Kh8 {[%clk 00:23:38]} {[%emt 00:02:23]} 31.
Be3 {[%clk 00:07:02]} {[%emt 00:05:02]} Nf6 {[%clk 00:20:41]} {[%emt 00:03:27]}
32. h3 {[%clk 00:03:40]} {[%emt 00:03:52]} Qc7 {[%clk 00:17:59]} {[%emt
00:03:12]} 33. Ra6 {[%emt 00:00:57]} Rb8 {[%clk 00:15:54]} {[%emt 00:02:33]}
34. Kh2 {[%emt 00:02:01]} Qd8 {[%clk 00:14:46]} {[%emt 00:00:32]} 35. Bd2
{[%emt 00:03:57]} Nh5 {[%clk 00:12:21]} {[%emt 00:00:15]} 36. Qe2 {[%clk
00:01:27]} {[%emt 00:01:05]} Qh4 {[%clk 00:11:34]} {[%emt 00:01:16]} 37. Be1
{[%clk 00:00:58]} {[%emt 00:01:00]} Qf4+ {[%clk 00:11:08]} {[%emt 00:00:55]}
38. g3 {[%clk 00:01:21]} {[%emt 00:00:07]} Qg5 {[%clk 00:09:04]} {[%emt
00:02:34]} 39. h4 {[%clk 00:01:02]} {[%emt 00:00:50]} Qe7 {[%clk 00:08:11]}
{[%emt 00:01:23]} 40. Ra8 {[%clk 00:00:37]} {[%emt 00:00:55]} Rxa8 {[%clk
00:07:17]} {[%emt 00:01:24]} 41. Bxa8 {[%clk 00:00:56]} {[%emt 00:00:11]} Nf6
{[%clk 00:05:48]} {[%emt 00:01:59]} 42. Bc6 {[%clk 00:26:38]} {[%emt 00:04:48]}
Bf8 {[%clk 00:34:33]} {[%emt 00:01:46]} 43. Kg2 {[%clk 00:22:45]} {[%emt
00:04:22]} Qd8 {[%clk 00:32:58]} {[%emt 00:02:05]} 44. Bc3 {[%clk 00:21:14]}
{[%emt 00:02:01]} Bd6 {[%clk 00:32:41]} {[%emt 00:00:46]} 45. Qb2 {[%clk
00:18:06]} {[%emt 00:03:38]} Qe7 {[%clk 00:32:25]} {[%emt 00:00:47]} 46. Qb1
{[%clk 00:17:37]} {[%emt 00:00:59]} Ng4 {[%clk 00:31:46]} {[%emt 00:01:08]} 47.
Bd2 {[%clk 00:16:50]} {[%emt 00:01:18]} Nf6 {[%clk 00:29:07]} {[%emt 00:03:08]}
48. Bb5 {[%clk 00:15:50]} {[%emt 00:01:31]} Qf8 {[%clk 00:26:21]} {[%emt
00:03:16]} 49. Be2 {[%clk 00:14:10]} {[%emt 00:02:08]} Qe7 {[%clk 00:25:27]}
{[%emt 00:01:25]} 50. Bf3 {[%clk 00:12:46]} {[%emt 00:01:55]} Qf8 {[%clk
00:24:35]} {[%emt 00:01:22]} 51. Qb3 {[%clk 00:11:20]} {[%emt 00:01:56]} Qe7
{[%clk 00:23:55]} {[%emt 00:01:10]} 52. Qc4 {[%clk 00:11:38]} {[%emt 00:00:12]}
Bc7 {[%clk 00:23:36]} {[%emt 00:00:49]} 53. Qc6 {[%clk 00:11:12]} {[%emt
00:00:56]} Kg7 {[%clk 00:21:36]} {[%emt 00:02:29]} 54. Bg5 {[%clk 00:11:36]}
{[%emt 00:00:07]} Qd6 {[%clk 00:19:36]} {[%emt 00:02:30]} 55. Qxd6 {[%clk
00:06:18]} {[%emt 00:05:49]} Bxd6 {[%clk 00:19:50]} {[%emt 00:00:16]} 56. Bd2
{[%clk 00:06:10]} {[%emt 00:00:38]} Kf7 {[%clk 00:18:31]} {[%emt 00:01:48]} 57.
Kf2 {[%clk 00:05:40]} {[%emt 00:01:00]} Nd7 {[%clk 00:16:56]} {[%emt 00:02:05]}
58. Ke3 {[%clk 00:05:24]} {[%emt 00:00:46]} Nb8 {[%clk 00:16:52]} {[%emt
00:00:35]} 59. Be2 {[%clk 00:05:04]} {[%emt 00:00:49]} Ke7 {[%clk 00:16:07]}
{[%emt 00:01:14]} 60. Kd3 {[%clk 00:04:42]} {[%emt 00:00:53]} Kd7 {[%clk
00:14:36]} {[%emt 00:02:01]} 61. Kc4 {[%clk 00:04:30]} {[%emt 00:00:43]} Kc7
{[%clk 00:14:42]} {[%emt 00:00:23]} 62. Bg4 {[%clk 00:04:02]} {[%emt 00:00:58]}
Nd7 {[%clk 00:13:09]} {[%emt 00:02:04]} 63. Bxd7 {[%clk 00:03:44]} {[%emt
00:00:47]} Kxd7 {[%clk 00:13:31]} {[%emt 00:00:08]} 64. Kb5 {[%clk 00:04:11]}
{[%emt 00:00:03]} Kc7 {[%clk 00:13:00]} {[%emt 00:01:01]} 65. Be3 {[%clk
00:04:31]} {[%emt 00:00:10]} Kb7 {[%clk 00:13:06]} {[%emt 00:00:24]} 66. Bxb6
{[%clk 00:04:45]} {[%emt 00:00:16]} Be7 {[%clk 00:13:11]} {[%emt 00:00:24]} 67.
Bc5 {[%clk 00:05:00]} {[%emt 00:00:15]} Bd8 {[%clk 00:13:23]} {[%emt 00:00:18]}
68. Bd6 {[%clk 00:05:00]} {[%emt 00:00:30]} Bf6 {[%clk 00:13:08]} {[%emt
00:00:46]} 69. Kc5 {[%clk 00:05:19]} {[%emt 00:00:11]} h6 {[%clk 00:13:22]}
{[%emt 00:00:15]} 70. b5 {[%clk 00:05:32]} {[%emt 00:00:17]} h5 {[%clk
00:12:48]} {[%emt 00:01:02]} 71. b6 {[%clk 00:05:50]} {[%emt 00:00:14]} Bg7
{[%clk 00:12:59]} {[%emt 00:00:20]} 72. Bc7 {[%clk 00:05:53]} {[%emt 00:00:27]}
1-0

[Event "Deutsche Ländermeisterschaft 2025"]
[Site "Oer-Erkenschwick GER"]
[Date "2025.10.01"]
[Round "1"]
[White "König, Lian"]
[Black "Rössling, Laura Marie"]
[Result "0-1"]
[Termination "normal"]
[Board "7.7"]
[WhiteElo "1482"]
[BlackElo "1752"]
[WhiteClock "00:04:05"]
[BlackClock "00:06:35"]
[WhiteTeam "Mecklenburg-Vorpommern"]
[BlackTeam "Sachsen-Anhalt"]
[PlyCount "52"]
[WhiteFideId "34660216"]
[BlackFideId "16289471"]
[EventCountry "GER"]
[EventRounds "7"]
[EventType "team-swiss"]
[EventDate "2025.09.30"]

1. Nf3 {[%clk 01:30:59]} {[%emt 00:00:02]} Nf6 {[%clk 01:28:44]} {[%emt
00:02:16]} 2. g3 {[%clk 01:31:21]} {[%emt 00:00:08]} e6 {[%clk 01:28:36]}
{[%emt 00:00:37]} 3. Bg2 {[%clk 01:31:43]} {[%emt 00:00:08]} Be7 {[%clk
01:28:27]} {[%emt 00:00:39]} 4. O-O {[%clk 01:30:53]} {[%emt 00:01:20]} O-O
{[%clk 01:27:59]} {[%emt 00:00:58]} 5. c4 {[%clk 01:30:40]} {[%emt 00:00:42]}
d5 {[%clk 01:25:48]} {[%emt 00:02:41]} 6. b3 {[%clk 01:29:51]} {[%emt
00:01:20]} Nbd7 {[%clk 01:18:55]} {[%emt 00:07:22]} 7. Bb2 {[%clk 01:26:37]}
{[%emt 00:03:44]} c6 {[%clk 01:14:59]} {[%emt 00:04:27]} 8. Qc2 {[%clk
01:21:17]} {[%emt 00:05:49]} Re8 {[%clk 01:10:05]} {[%emt 00:05:24]} 9. d4
{[%clk 01:16:19]} {[%emt 00:05:28]} Bd6 {[%clk 01:00:55]} {[%emt 00:09:40]} 10.
Nbd2 {[%clk 01:11:09]} {[%emt 00:05:40]} e5 {[%clk 00:54:32]} {[%emt 00:06:53]}
11. cxd5 {[%clk 00:56:48]} {[%emt 00:14:51]} Nxd5 {[%clk 00:46:02]} {[%emt
00:09:00]} 12. Nc4 {[%clk 00:52:47]} {[%emt 00:04:32]} Qe7 {[%clk 00:27:44]}
{[%emt 00:18:48]} 13. Ncxe5 {[%clk 00:45:28]} {[%emt 00:07:48]} f6 {[%clk
00:23:30]} {[%emt 00:04:45]} 14. Nxd7 {[%clk 00:38:21]} {[%emt 00:07:37]} Bxd7
{[%clk 00:22:13]} {[%emt 00:01:46]} 15. e3 {[%clk 00:35:33]} {[%emt 00:03:18]}
Rac8 {[%clk 00:18:45]} {[%emt 00:03:57]} 16. a3 {[%clk 00:23:03]} {[%emt
00:13:02]} c5 {[%clk 00:14:00]} {[%emt 00:05:14]} 17. Nd2 {[%clk 00:18:45]}
{[%emt 00:04:48]} Be6 {[%clk 00:09:55]} {[%emt 00:04:35]} 18. dxc5 {[%clk
00:15:00]} {[%emt 00:04:15]} Bxc5 {[%clk 00:09:44]} {[%emt 00:00:41]} 19. Qd1
{[%clk 00:13:39]} {[%emt 00:01:51]} Red8 {[%clk 00:07:09]} {[%emt 00:03:05]}
20. b4 {[%clk 00:10:55]} {[%emt 00:03:13]} Nxe3 {[%clk 00:06:04]} {[%emt
00:01:35]} 21. fxe3 {[%clk 00:06:10]} {[%emt 00:05:16]} Bxe3+ {[%clk 00:06:17]}
{[%emt 00:00:16]} 22. Rf2 {[%clk 00:05:48]} {[%emt 00:00:52]} Rxd2 {[%clk
00:06:16]} {[%emt 00:00:30]} 23. Qxd2 {[%clk 00:05:39]} {[%emt 00:00:40]} Bxd2
{[%clk 00:06:39]} {[%emt 00:00:06]} 24. Rxd2 {[%clk 00:05:59]} {[%emt
00:00:10]} Bb3 {[%clk 00:05:52]} {[%emt 00:01:14]} 25. Bd5+ {[%clk 00:04:00]}
{[%emt 00:02:32]} Bxd5 {[%clk 00:06:12]} {[%emt 00:00:11]} 26. Rxd5 {[%clk
00:04:05]} {[%emt 00:00:25]} Qe3+ {[%clk 00:06:35]} {[%emt 00:00:07]} 0-1